Statistics for Monster high reboot characters

Click here to take the quiz!

General Stats

  • This quiz has been taken 11 times
  • The average score is 3 of 6

Answer Stats

HintAnswer% Correct
D’kayMoanica
100%
HauntingtonAri
63%
TimberwolfSilvi
50%
BlueKelpie
25%
De NileLux
25%
De NilePharrah
25%

Score Distribution

Percentile by Number Answered

Percent of People with Each Score

Your Score History

You have not taken this quiz